000 01058nac a22002777a 4500
001 BR8806735
003 BR-BrBNA
005 20240105120858.0
008 230509b bl.|||m| |||| 00| 0 por d
040 _aBR-BrBNA
_bpor
_cBiblioteca Nacional de Agricultura
072 _aE14
090 _aE14 BR8806735
110 1 _aSecretaria Nacional de Producao Agropecuaria, Brasilia, DF (Brasil). Secretaria de Producao Vegetal. Coordenadoria de Sementes e Mudas
_99240
245 1 _aRelatorio anual 1985 [Secretaria Nacional de Producao Agropecuaria. Coordenadoria de Sementes e Mudas]
260 3 _aBrasilia, DF (Brasil):
_c1986.
300 _a12 p.
490 _aRelatorio - Secretaria Nacional de Producao Agropecuaria. Secretaria de Producao Vegetal. Coordenadoria de Sementes e Mudas (Brazil)
_v
_x
650 _aPROJETO DE DESENVOLVIMENTO
650 _aSEMENTE
650 _aMUDA
650 _aPRODUCAO
650 _aINSPECAO SANITARIA
650 _aRECURSO ECONOMICO
909 _a202312
_bLúcia Elande
_c55
_dLúcia Elande
942 _2AGRIS
_n0
_cMS
999 _c281965
_d281965